000
00254nam a22000977a 4500
008
230403b |||||||| |||| 00| 0 eng d
020
_a
9781846041242
100
_a
Frankl E. Viktor
_9
7662
245
_a
Man's Search for Meaning
260
_a
London
_b
Rider
_c
2008
999
_c
12236
_d
12236